[Event "Charlotte CCCSA GM-B"]
[Site "Charlotte"]
[Date "2018.06.09"]
[Round "6"]
[White "Brown, Michael William"]
[Black "Brattain, Mika A"]
[Result "1-0"]
[WhiteElo "2505"]
[BlackElo "2402"]
[PlyCount "115"]
[EventDate "2018.06.06"]
[EventType "tourn"]
[EventRounds "9"]
[EventCountry "USA"]
[EventCategory "8"]
[SourceTitle "CBM 184 Extra"]
[Source "ChessBase"]
[SourceDate "2018.06.28"]
[SourceVersion "1"]
[SourceVersionDate "2018.06.28"]
[SourceQuality "1"]

1. d4 Nf6 2. c4 e6 3. Nc3 Bb4 4. Nf3 b6 5. e3 Ne4 6. Qc2 Bb7 7. Bd3 Bxc3+ 8. bxc3 f5 9. 0-0 0-0 10. Nd2 Qh4 11. f3 Nxd2 12. Bxd2 d6 13. a4 Nc6 14. g3 Qf6 15. e4 Na5 16. exf5 exf5 17. c5 dxc5 18. dxc5 Qe5 19. cxb6 Qc5+ 20. Kg2 axb6 21. Rae1 Nc4 22. Bf4 Bc6 23. Qb3 Bd5 24. Qb5 Qxb5 25. axb5 Ra3 26. Rc1 Re8 27. Kf2 g6 28. Bxc7 Ra2+ 29. Kg1 Nd2 30. Rf2 Re3 31. Be2 Nb3 32. Rd1 Rd2 33. Rxd2 Nxd2 34. Bxb6 Rxc3 35. Kg2 Nc4 36. Bd4 Rb3 37. Bxc4 Bxc4 38. b6 Bd5 39. Rc2 Bxf3+ 40. Kf2 Kf7 41. Rc7+ Ke6 42. Rxh7 g5 43. h4 gxh4 44. gxh4 f4 45. h5 Be4 46. Ra7 Rb4 47. Bc5 Rb2+ 48. Ke1 Rc2 49. Rc7 Rc1+ 50. Kd2 Rc2+ 51. Kd1 Rb2 52. h6 f3 53. Re7+ Kd5 54. Rxe4 Kxe4 55. h7 Kd3 56. Ke1 Re2+ 57. Kf1 Re8 58. b7 1-0

[Event "Titled Tuesday intern op 1st May"]
[Site "Chess.com INT"]
[Date "2018.05.01"]
[Round "8"]
[White "Brown, Michael William"]
[Black "Naroditsky, Daniel"]
[Result "1-0"]
[WhiteElo "2505"]
[BlackElo "2615"]
[PlyCount "149"]
[EventDate "2018.05.01"]
[EventType "swiss (blitz)"]
[EventRounds "10"]
[EventCountry "USA"]
[SourceTitle "EXT 2021"]
[Source "ChessBase"]
[SourceDate "2020.10.23"]
[SourceVersion "1"]
[SourceVersionDate "2020.10.23"]
[SourceQuality "1"]

1. d4 Nf6 2. c4 g6 3. Nc3 Bg7 4. e4 d6 5. Nf3 0-0 6. Be2 e5 7. Be3 exd4 8. Nxd4 Re8 9. f3 c6 10. Bf2 Nbd7 11. 0-0 Nh5 12. Qd2 Be5 13. g3 Nc5 14. Rad1 Bh3 15. Rfe1 Qf6 16. Bf1 Bxf1 17. Rxf1 Qe7 18. Rfe1 Rad8 19. Nc2 Qf6 20. Kg2 Ng7 21. Be3 Nge6 22. h4 h5 23. Nd4 Qg7 24. Nxe6 Nxe6 25. f4 Bf6 26. Bxa7 Nc5 27. Bb6 Ra8 28. e5 Bd8 29. Bxc5 dxc5 30. Ne4 Ba5 31. Qd7 Red8 32. Qe7 Qf8 33. Rxd8 Rxd8 34. Qxf8+ Kxf8 35. Re2 Rd4 36. Nxc5 Rxc4 37. Nxb7 Bb6 38. Nd6 Rc1 39. Ne4 Ke7 40. Ng5 Bd4 41. b3 c5 42. Nf3 Bc3 43. Ng5 Bd4 44. Kf3 Rc3+ 45. Kg2 Rc1 46. Rd2 Rg1+ 47. Kh2 Ra1 48. Nf3 Bc3 49. Rc2 Bb4 50. Ng5 Rd1 51. Ne4 Ke6 52. Nd6 f6 53. Nc4 fxe5 54. Re2 Ra1 55. Rxe5+ Kf6 56. Re2 Kf5 57. Ne3+ Kf6 58. Nd5+ Kf5 59. Kg2 Re1 60. Rxe1 Bxe1 61. Kf3 Ke6 62. Ne3 Kd6 63. f5 Ke5 64. fxg6 Kf6 65. Nd5+ Kxg6 66. Nf4+ Kf5 67. Nd3 Bb4 68. Nxb4 cxb4 69. g4+ hxg4+ 70. Kg3 Ke4 71. h5 Kd3 72. h6 Kc2 73. h7 Kb2 74. h8Q+ Kxa2 75. Qg8 1-0

[Event "Titled Tuesday intern op 1st May"]
[Site "Chess.com INT"]
[Date "2018.05.01"]
[Round "10"]
[White "Moran Nuque, Augusto"]
[Black "Brown, Michael William"]
[Result "0-1"]
[WhiteElo "2386"]
[BlackElo "2505"]
[PlyCount "84"]
[EventDate "2018.05.01"]
[EventType "swiss (blitz)"]
[EventRounds "10"]
[EventCountry "USA"]
[SourceTitle "EXT 2021"]
[Source "ChessBase"]
[SourceDate "2020.10.23"]
[SourceVersion "1"]
[SourceVersionDate "2020.10.23"]
[SourceQuality "1"]

1. d4 d5 2. Bg5 f6 3. Bf4 Nc6 4. e3 e5 5. Bg3 Be6 6. Bb5 e4 7. c4 dxc4 8. Nc3 Bb4 9. Qa4 Bxc3+ 10. bxc3 Nge7 11. Bxc4 Bxc4 12. Qxc4 Qd5 13. Qb3 Na5 14. Qb4 Nec6 15. Qa4 b5 16. Qc2 0-0 17. Ne2 Rfc8 18. 0-0 Nc4 19. Nf4 Qf5 20. a4 a6 21. Qa2 Rab8 22. Ne2 Kh8 23. Nc1 Ne7 24. Nb3 Nd5 25. Qc2 Qg6 26. Nc5 f5 27. axb5 axb5 28. Ra6 Rb6 29. Rfa1 h6 30. h3 Ndxe3 31. Qe2 Nd5 32. Rxb6 cxb6 33. Nd7 Nxc3 34. Qe1 Nd5 35. Ne5 Qe6 36. Qb1 Nc3 37. Qb4 Ne2+ 38. Kh2 Nxg3 39. fxg3 Nxe5 40. dxe5 Qxe5 41. Ra7 Rc3 42. Re7 Qxg3+ 0-1